000
00295nam a22001337a 4500
008
170516b xxu||||| |||| 00| 0 eng d
020
_a
039300578
041
_a
eng
080
_a
94 BRO
100
_a
16
101
_a
SHH
245
_a
THE REPUBLIC IN PERIL 1812
_c
BROWN, R.H
942
_2
udc
_c
BK
999
_c
13396
_d
13396